Datum a čas kvízu
28.5
Celkem bodů
Celkový počet nahraných bodů na tomto kvízu bez doplňovacích otázek.
7.
Pořadí na kvízu
Konečné umístění týmu na tomto kvízu.
Zaznamenané odpovědi
| # | Otázka | Odpověď | Body | Výsledky |
|---|---|---|---|---|
| 1. | V úterý byl odvolán ředitel je... | Česká televize (ČT), Jan Souček | 1 | |
| 2. | Terminálu jednoho letiště vévo... | ve Wellingtonu | 1 | |
| 3. | Minulý týden vyšlo album Ostra... | Michal Prokop | 0 | |
| 4. | Ve středu byl zveřejněn žebříč... | Michal Strnad | 0 | |
| 5. | Hokejový tým Utah, jehož brank... | Mammoth (Mamut) | 1 | |
| 6. | Podíváme se na historické udál... | O. J. Simpson, americký fotbal | 1 | |
| 7. | Dne 8. června 1992 došlo na ji... | vila Tugendhat | 0 | |
| 8. | V České republice vystoupila o... | D | 1 | |
| 9. | Ve kterém roce vstoupila Česká... | v roce 2004, Vladimír Špidla | 1 | |
| 10. | Ve kterém městě získala samost... | ve Vídni, Kanadu | 1 |